Statistics for Animal Alphabet Picture 2

Click here to take the quiz!

General Stats

  • This quiz has been taken 26 times
  • The average score is 14 of 26

Answer Stats

Answer% Correct
Armadillo
92%
Crocodile
92%
Duck
92%
Frog
92%
Grasshopper
88%
Hyena
88%
Rooster
83%
Jackal
75%
Tarantula
75%
Earwig
58%
Wolverine
54%
Parrotfish
50%
Buzzard
46%
Vole
46%
Mudskipper
38%
Oryx
38%
Quagga
38%
Zebu
38%
Indri
25%
Lorikeet
25%
Numbat
25%
Kinkajou
21%
Springhare
21%
Umbrella Bird
21%
Xeme
21%
Yellow Mongoose
21%

Score Distribution

Percentile by Number Answered

Percent of People with Each Score

Your Score History

You have not taken this quiz